000 00909nam a2200229 i 4500
001 171211
003 ES-MaACL
005 20250808062754.0
008 090505s1961 sp |||| | spa d
017 _aM 10590-1961
130 0 _aBiblia.
_pN.T.
_pEvangelios.
_lEspañol.
_9119305
245 1 0 _aLa Sagrada Escritura
_b: Nuevo Testamento.
_nI,
_pEvangelios /
_ctexto y comentario por Profesores de la Compañía de Jesús ; traducción y comentario por Juan Leal, Severiano del Páramo, José Alonso.
260 _aMadrid :
_b[La Editorial Católica],
_c1961.
300 _aXIX, 1122 p. ;
_c20 cm.
490 1 _aBiblioteca de autores cristianos ;
_v207
700 0 _aLeal, Juan.
_970969
700 0 _aPáramo, Severiano del.
_988933
700 0 _aAlonso Díaz, José.
_920300
830 0 0 _aBiblioteca de autores cristianos
_v207
_9178679
852 _aES-MaACL
_jJ-203
_9R.46092
999 _c171211
_d171211